000 00660nam a22002057a 4500
005 20170724140653.0
010 _aENG-111218
020 _a9780198099123
_c495.00
035 _aEN-94750
037 _bDBAD/PUB
082 _a354.550954
245 _aDemocratizing forest governance in India /
_cedited by Sharachchandra Lele [and] Ajit Menon
260 _aNew Delhi
_bOxford University Press
_c2014
270 _aYMCA Library building, 1 Jai Singh Road
_bNew Delhi
_e110001
300 _axiv, 432p.
_c22cm(Hb)
500 _aIncludes index
700 _aLele, Sharachchandra
700 _aMenon, Ajit
942 _2ddc
_cEN
_mDEM
_h354.550954
999 _c90022
_d90022